Desafíos actuales de la radio en regiones
Saved in:
| Main Authors: | , |
|---|---|
| Format: | Bog |
| Sprog: | spansk |
| Udgivet: |
Concepción
Universidad Católica de la Santísima Concepción
1990
|
| Fag: | |
| Tags: |
Tilføj Tag
Ingen Tags, Vær først til at tagge denne postø!
|
MARC
| LEADER | 00000nam a2200000 a 4500 | ||
|---|---|---|---|
| 001 | UCP6804 | ||
| 003 | CL-VaPUC | ||
| 008 | 991119e19900000CL |||||||||||||||||spa|d | ||
| 082 | 0 | 4 | |a 070.194 |b URZ |2 21 |
| 100 | 0 | |a Urzúa Aracena, Mario |e author |9 436096 | |
| 700 | 0 | |a Albornoz Suárez, Rigoberto Antonio |e author |9 436097 | |
| 245 | 1 | 0 | |a Desafíos actuales de la radio en regiones |
| 300 | |a 126 p | ||
| 942 | |c BK | ||
| 945 | |d 19991119 00:00:00 |a rbrito | ||
| 260 | |a Concepción |b Universidad Católica de la Santísima Concepción |c 1990 | ||
| 650 | 0 | |a Medios de comunicación de masas |9 257273 | |
| 650 | 7 | |a RADIOEMISORA |2 CL-VaPUC |9 436098 | |
| 650 | 7 | |a PERIODISMO RADIAL |2 CL-VaPUC |9 436099 | |
| 583 | |a last modification |c 20190710 05:04:45 |k Rodrigo Vera | ||
| 999 | |c 284239 |d 284237 | ||
| 952 | |0 0 |1 0 |4 0 |6 070_194000000000000_URZ_1990 |7 0 |8 A |9 328087 |a BIBCUR |b BIBCUR |d 2019-11-20 |i 3579492 |o 070.194 URZ 1990 |p 3579492 |r 2025-04-22 |w 2019-11-20 |y BK |k PER | ||
| 952 | |0 0 |1 0 |4 0 |6 070_194000000000000_URZ_1990 |7 0 |8 A |9 328088 |a BIBCUR |b BIBCUR |d 2019-11-20 |i 3579506 |o 070.194 URZ 1990 |p 3579506 |r 2025-04-22 |w 2019-11-20 |y BK |k PER | ||